00000000nam 2200000za 4500
0019.852516
003CaOODSP
00520221107154613
007cr |||||||||||
008180227s1976    oncb   #ob   f000 0 eng d
040 |aCaOODSP|beng
043 |an-cn-nf
0861 |aR32-446/1976E-PDF
24500|aIndians of Labrador |h[electronic resource] : |bNorthwest River and Davis Inlet.
24610|aNorthwest River and Davis Inlet
260 |a[Ottawa?] : |bClaims and Historical Research Centre, |c1976.
300 |a1 v. (various pagings) : |bmaps
500 |aTitle from caption.
500 |aDigitized edition from print [produced by Indigenous and Northern Affairs Canada].
504 |aIncludes bibliographical references.
520 |a"The following paper presents a summary of surveyed material concerning the Montagnais - Naskapi Indians of Northwest River and Davis Inlet in Labrador. It must serve as a compliment to reports entitled "Indians of Newfoundland and Labrador" and "Indians of Newfoundland" prepared in December 1975 by G. Wyman, Research Officer, Membership Division. Although additional sources have been consulted, little new information can be added to Ms. Wyman's conclusions. However, the sources tended to support the previous considerations"--p. 2.
69207|2gccst|aIndians
69207|2gccst|aRivers
69207|2gccst|aCanadian history
7102 |aTreaties and Historical Research Centre (Canada)
7101 |aCanada. |bIndian and Northern Affairs Canada.
85640|qPDF|s3.05 MB|uhttps://publications.gc.ca/collections/collection_2018/aanc-inac/R32-446-1976-eng.pdf